[Event "SCO-ch 126th"]
[Site "Edinburgh"]
[Date "2019.07.14"]
[Round "9"]
[White "Paul, Rabindra"]
[Black "Walker, Duncan"]
[Result "1-0"]
[WhiteElo "1876"]
[BlackElo "1836"]
[PlyCount "49"]
[EventDate "2019.07.06"]
[EventType "swiss"]
[EventRounds "9"]
[EventCountry "SCO"]
[SourceTitle "CBM 191 Extra"]
[Source "ChessBase"]
[SourceDate "2019.09.30"]
[SourceVersion "1"]
[SourceVersionDate "2019.09.30"]
[SourceQuality "1"]

1. e4 d6 2. d4 Nd7 3. c4 g6 4. Nc3 Bg7 5. Be3 e6 6. Qd2 Ne7 7. Bh6 Bxh6 8. Qxh6 c5 9. 0-0-0 Nc6 10. dxc5 dxc5 11. Nb5 a6 12. Nd6+ Ke7 13. f4 Nd4 14. e5 Qf8 15. Qh4+ f6 16. Nf3 Nxf3 17. gxf3 g5 18. exf6+ Qxf6 19. fxg5 Qg7 20. Ne4 Qg6 21. Qg3 e5 22. Bh3 Qf7 23. Bxd7 Qxc4+ 24. Kb1 Bxd7 25. Qxe5+ 1-0

[Event "SCO-ch 126th"]
[Site "Edinburgh"]
[Date "2019.07.06"]
[Round "1"]
[White "Tate, Alan"]
[Black "Walker, Duncan"]
[Result "1-0"]
[WhiteElo "2283"]
[BlackElo "1836"]
[PlyCount "77"]
[EventDate "2019.07.06"]
[EventType "swiss"]
[EventRounds "9"]
[EventCountry "SCO"]
[SourceTitle "CBM 191 Extra"]
[Source "ChessBase"]
[SourceDate "2019.09.30"]
[SourceVersion "1"]
[SourceVersionDate "2019.09.30"]
[SourceQuality "1"]

1. e4 c6 2. d4 d5 3. e5 g6 4. h3 Bg7 5. Nf3 Na6 6. c3 Nc7 7. Bd3 a5 8. 0-0 Nh6 9. Re1 Be6 10. Bf4 Qc8 11. Qc1 Ng8 12. Nbd2 h6 13. Nf1 Bf5 14. Be2 Ne6 15. Be3 g5 16. c4 Nc7 17. Ng3 Bg6 18. Nd2 f5 19. Nh5 Bf8 20. f4 Qe6 21. Nb3 b6 22. Ng3 gxf4 23. Bxf4 h5 24. Nd2 h4 25. Ngf1 Bh5 26. Nf3 Bxf3 27. Bxf3 Rd8 28. Ne3 Bh6 29. cxd5 Nxd5 30. Nxd5 cxd5 31. Qd2 Rc8 32. Rac1 Rxc1 33. Rxc1 Bxf4 34. Qxf4 Kd7 35. Be2 Rh6 36. Bd3 Rh5 37. Bb5+ Kd8 38. Rc6 Qf7 39. e6 1-0

[Event "Livingston op 1st"]
[Site "Livingston"]
[Date "2016.01.31"]
[Round "4.9"]
[White "Walker, Duncan"]
[Black "McLean, Ian"]
[Result "1-0"]
[WhiteElo "1929"]
[BlackElo "1946"]
[PlyCount "87"]
[EventDate "2016.01.29"]
[EventType "swiss"]
[EventRounds "5"]
[EventCountry "ENG"]
[SourceTitle "EXT 2023"]
[Source "ChessBase"]
[SourceDate "2022.10.05"]
[SourceVersion "1"]
[SourceVersionDate "2022.10.05"]
[SourceQuality "1"]

1. c4 g6 2. g3 Bg7 3. Bg2 e5 4. d3 d6 5. Nc3 c5 6. Rb1 Nc6 7. a3 Be6 8. Nf3 h6 9. 0-0 Qd7 10. Re1 Nge7 11. b4 0-0 12. Bd2 f5 13. b5 Nd8 14. Qc1 f4 15. e3 fxg3 16. fxg3 Bh3 17. Bh1 Qg4 18. Qd1 g5 19. Ne4 Qd7 20. Nf2 Be6 21. Bc3 Ng6 22. e4 Qf7 23. Rf1 Qd7 24. Ne1 g4 25. Ng2 Nf7 26. Ne3 h5 27. Nf5 Bf6 28. h3 Kh7 29. hxg4 Rh8 30. gxh5 Ne7 31. g4 Rhg8 32. Kh2 Bg5 33. Nh3 Raf8 34. Rb2 Nh6 35. Nxg5+ Rxg5 36. Nxh6 Rxf1 37. Qxf1 Bxg4 38. Nxg4 Qxg4 39. Rg2 Qxh5+ 40. Kg1 Ng6 41. Bd2 Rxg2+ 42. Bxg2 Qg4 43. Qf3 Qe6 44. Qh3+ 1-0

[Event "SCO-ch 122nd"]
[Site "Edinburgh"]
[Date "2015.07.19"]
[Round "9"]
[White "Walker, Duncan"]
[Black "Campbell, Eoin S"]
[Result "1-0"]
[WhiteElo "1954"]
[BlackElo "1839"]
[PlyCount "63"]
[EventDate "2015.07.11"]
[EventType "swiss"]
[EventRounds "9"]
[EventCountry "SCO"]
[SourceTitle "CBM 167 Extra"]
[Source "ChessBase"]
[SourceDate "2015.09.14"]
[SourceVersion "1"]
[SourceVersionDate "2015.09.14"]
[SourceQuality "1"]

1. e4 e6 2. c4 d5 3. cxd5 exd5 4. exd5 Nf6 5. Qa4+ Nbd7 6. Nc3 Be7 7. Nf3 0-0 8. Bd3 Nc5 9. Qc2 Nxd3+ 10. Qxd3 b6 11. 0-0 Bb7 12. Re1 Re8 13. b3 Nxd5 14. Nxd5 Qxd5 15. Qxd5 Bxd5 16. Bb2 Bxf3 17. gxf3 Bg5 18. Bc3 f6 19. Re4 Kf7 20. Rc4 c5 21. d4 cxd4 22. Bxd4 Rac8 23. Ra4 Rc7 24. Kg2 Rce7 25. f4 Bxf4 26. Bxb6 axb6 27. Rxf4 Re2 28. a4 Rc2 29. Rf1 Rb2 30. Rb4 Re6 31. Rc1 Re3 32. Rb1 1-0

[Event "SCO-ch 122nd"]
[Site "Edinburgh"]
[Date "2015.07.18"]
[Round "8"]
[White "Irving, Neil"]
[Black "Walker, Duncan"]
[Result "1/2-1/2"]
[WhiteElo "1801"]
[BlackElo "1954"]
[PlyCount "124"]
[EventDate "2015.07.11"]
[EventType "swiss"]
[EventRounds "9"]
[EventCountry "SCO"]
[SourceTitle "CBM 167 Extra"]
[Source "ChessBase"]
[SourceDate "2015.09.14"]
[SourceVersion "1"]
[SourceVersionDate "2015.09.14"]
[SourceQuality "1"]

1. Nf3 d5 2. c4 c6 3. g3 e6 4. Bg2 Bd6 5. 0-0 Nd7 6. d4 Qe7 7. cxd5 exd5 8. Re1 Ngf6 9. e4 dxe4 10. Ng5 Bb4 11. Nc3 0-0 12. Ngxe4 Nxe4 13. Bxe4 Qd8 14. Bc2 Re8 15. h4 Nf6 16. Bg5 Rxe1+ 17. Qxe1 Bg4 18. Bxf6 Qxf6 19. Qe4 Qg6 20. Re1 Qxe4 21. Bxe4 Rd8 22. a3 Ba5 23. b4 Bb6 24. d5 Bd4 25. Ne2 Bb2 26. dxc6 bxc6 27. Bxc6 Bxa3 28. b5 g6 29. Nf4 Bc5 30. Re8+ Rxe8 31. Bxe8 Kf8 32. Bc6 Bd1 33. Nd5 Be2 34. Kg2 f5 35. Nf6 Kg7 36. Nd5 Bc4 37. Ne3 Bxe3 38. fxe3 Kf6 39. Kf3 Ke5 40. Be8 Bd5+ 41. Kf2 Ke6 42. h5 g5 43. h6 Ke7 44. Bg6 Kf6 45. Bxh7 Be6 46. e4 fxe4 47. Bxe4 Bc4 48. Bc6 Kg6 49. h7 Kxh7 50. Ke3 Kg6 51. Kd4 Be2 52. Ke5 Bd1 53. Bd7 Be2 54. Be8+ Kg7 55. Kd6 Kf6 56. Bd7 g4 57. Kc7 Ke5 58. Kb7 Kd4 59. Kxa7 Bxb5 60. Bxb5 Ke3 61. Bd7 Kf3 62. Bxg4+ Kxg4 1/2-1/2

[Event "SCO-ch 122nd"]
[Site "Edinburgh"]
[Date "2015.07.12"]
[Round "2"]
[White "Walker, Duncan"]
[Black "Underwood, James Robert"]
[Result "1-0"]
[WhiteElo "1954"]
[BlackElo "1534"]
[PlyCount "59"]
[EventDate "2015.07.11"]
[EventType "swiss"]
[EventRounds "9"]
[EventCountry "SCO"]
[SourceTitle "CBM 167 Extra"]
[Source "ChessBase"]
[SourceDate "2015.09.14"]
[SourceVersion "1"]
[SourceVersionDate "2015.09.14"]
[SourceQuality "1"]

1. c4 Nf6 2. Nc3 e6 3. g3 d5 4. cxd5 exd5 5. d4 c6 6. Bg2 Bd6 7. Qc2 0-0 8. Nf3 Re8 9. Nh4 Qe7 10. Bg5 h6 11. Bxf6 Qxf6 12. Rd1 Bg4 13. 0-0 Bh5 14. Rfe1 Nd7 15. Bh3 Nf8 16. a3 g5 17. Nf5 g4 18. Nxd6 Qxd6 19. Qf5 Qg6 20. Qxg6+ Nxg6 21. Bg2 f5 22. e3 Nf8 23. b4 a6 24. a4 b5 25. Ra1 Nd7 26. axb5 axb5 27. Rxa8 Rxa8 28. Nxd5 Kf8 29. Nf4 Be8 30. Bxc6 1-0

[Event "Commonwealth-ch"]
[Site "Glasgow"]
[Date "2014.07.01"]
[Round "2"]
[White "Walker, Duncan"]
[Black "Haria, Ravi"]
[Result "0-1"]
[WhiteElo "1963"]
[BlackElo "2202"]
[PlyCount "74"]
[EventDate "2014.06.30"]
[EventType "swiss"]
[EventRounds "9"]
[EventCountry "SCO"]
[SourceTitle "CBM 161 Extra"]
[Source "ChessBase"]
[SourceDate "2014.08.29"]
[SourceVersion "1"]
[SourceVersionDate "2014.08.29"]
[SourceQuality "1"]

1. d4 e6 2. Nf3 Nf6 3. Bg5 c5 4. e3 Be7 5. Bd3 b6 6. c3 Bb7 7. Nbd2 cxd4 8. cxd4 0-0 9. 0-0 d6 10. Rc1 h6 11. Bh4 Nbd7 12. h3 e5 13. e4 exd4 14. Nxd4 Ne5 15. Bb1 d5 16. Nf5 Bb4 17. a3 Bxd2 18. Qxd2 Ng6 19. Bxf6 Qxf6 20. Rc7 Ba6 21. Rfc1 dxe4 22. Bxe4 Rae8 23. R1c6 Re6 24. f3 Rxc6 25. Rxc6 Qe5 26. Qd7 Bb5 27. Qb7 Bxc6 28. Qxc6 Rd8 29. Qc2 Ne7 30. f4 Qf6 31. Nxe7+ Qxe7 32. Bf3 Qe3+ 33. Kh1 Qxf4 34. Qe2 Rc8 35. g4 Qg3 36. Qd1 Re8 37. Be2 Qf2 0-1

[Event "SCO-ch 119th"]
[Site "Glasgow"]
[Date "2012.07.14"]
[Round "8"]
[White "Floros, Antonios"]
[Black "Walker, Duncan"]
[Result "1/2-1/2"]
[WhiteElo "1780"]
[BlackElo "1991"]
[PlyCount "99"]
[EventDate "2012.07.07"]
[EventType "swiss"]
[EventRounds "9"]
[EventCountry "SCO"]
[SourceTitle "EXT 2023"]
[Source "ChessBase"]
[SourceDate "2022.10.05"]
[SourceVersion "1"]
[SourceVersionDate "2022.10.05"]
[SourceQuality "1"]

1. e4 Nf6 2. Nc3 d5 3. exd5 Nxd5 4. Bc4 Nb6 5. Bb3 Nc6 6. Nf3 e6 7. 0-0 Na5 8. d4 Be7 9. Bf4 0-0 10. Nb5 Nxb3 11. axb3 Nd5 12. Bg3 Bd7 13. Nc3 Nb4 14. Ne5 Be8 15. Ne4 f6 16. Nf3 b6 17. c3 Nd5 18. c4 Nb4 19. Nc3 c6 20. Qe2 Bf7 21. Rad1 Bd6 22. Ne5 Re8 23. Nxf7 Kxf7 24. Bxd6 Qxd6 25. Rd2 Rad8 26. Rfd1 Qe7 27. h3 Rd7 28. d5 cxd5 29. cxd5 Nxd5 30. Nxd5 Rxd5 31. Rxd5 exd5 32. Qh5+ Kg8 33. Qxd5+ Qe6 34. Kf1 Kf8 35. Qxe6 Rxe6 36. Rd7 Re7 37. Rd4 Ke8 38. Ra4 Kd8 39. f3 Kc8 40. Kf2 Kb7 41. f4 b5 42. Rd4 Kb6 43. b4 a5 44. bxa5+ Kxa5 45. g4 b4 46. b3 Kb5 47. f5 Kc5 48. Rc4+ Kb5 49. Rd4 Kc5 50. Rc4+ 1/2-1/2

[Event "Dundee & Angus op"]
[Site "Dundee"]
[Date "2012.??.??"]
[Round "2"]
[White "Mannion, Stephen R"]
[Black "Walker, Duncan"]
[Result "1-0"]
[WhiteElo "2342"]
[BlackElo "1884"]
[PlyCount "53"]
[EventDate "2012.10.13"]
[EventType "swiss"]
[EventRounds "5"]
[EventCountry "SCO"]
[SourceTitle "EXT 2017"]
[Source "ChessBase"]
[SourceDate "2016.10.25"]
[SourceVersion "1"]
[SourceVersionDate "2016.10.25"]
[SourceQuality "1"]

1. e4 c5 2. Nf3 e6 3. d4 cxd4 4. Nxd4 a6 5. Bd3 Nc6 6. Nxc6 dxc6 7. Nd2 Bd6 8. Nc4 Bc7 9. Qg4 g6 10. 0-0 b5 11. Ne3 Nf6 12. Qe2 Nh5 13. g3 e5 14. a4 Rb8 15. b3 0-0 16. Bb2 Bh3 17. Rfd1 Qg5 18. Kh1 f5 19. Rg1 Rbe8 20. axb5 axb5 21. Ra6 Re6 22. Bc1 f4 23. gxf4 Qxf4 24. Qxh5 Qf3+ 25. Qxf3 Rxf3 26. Rg3 Rxg3 27. hxg3 1-0

[Event "Grangemouth Premier"]
[Site "Grangemouth"]
[Date "2010.09.12"]
[Round "5"]
[White "McGowan, Daniel"]
[Black "Walker, Duncan"]
[Result "1-0"]
[WhiteElo "2082"]
[BlackElo "1996"]
[PlyCount "89"]
[EventDate "2010.09.10"]
[EventType "swiss"]
[EventRounds "5"]
[EventCountry "SCO"]
[SourceTitle "EXT 2023"]
[Source "ChessBase"]
[SourceDate "2022.10.05"]
[SourceVersion "1"]
[SourceVersionDate "2022.10.05"]
[SourceQuality "1"]

1. e4 e6 2. d4 d5 3. Nd2 Nf6 4. e5 Nfd7 5. Bd3 c5 6. c3 Nc6 7. Ne2 cxd4 8. cxd4 Be7 9. Nf3 b6 10. 0-0 Nb4 11. Bb1 Ba6 12. a3 Nc6 13. Bd3 Bxd3 14. Qxd3 Rc8 15. Ne1 f5 16. exf6 Nxf6 17. Nf4 Qd7 18. Nf3 0-0 19. Ng5 Nd8 20. Qh3 h6 21. Ngxe6 Nxe6 22. Qxe6+ Qxe6 23. Nxe6 Rfe8 24. Nf4 Rc2 25. h3 Bd6 26. Nd3 Ree2 27. Be3 Ne4 28. Rfe1 Rxe1+ 29. Rxe1 Kf7 30. Rc1 Rxc1+ 31. Nxc1 Ke6 32. Nd3 a5 33. Kf1 Nf6 34. Ke2 Ne8 35. Nf4+ Bxf4 36. Bxf4 Kd7 37. Be5 Kc6 38. a4 Kd7 39. f4 Ke6 40. Kf3 g6 41. Kg4 Kf7 42. f5 g5 43. Kh5 Nf6+ 44. Bxf6 Kxf6 45. g4 1-0

[Event "SCO-ch"]
[Site "Hamilton"]
[Date "2010.07.17"]
[Round "9"]
[White "Walker, Duncan"]
[Black "Grant, David"]
[Result "1-0"]
[WhiteElo "2012"]
[BlackElo "1851"]
[PlyCount "39"]
[EventDate "2010.07.11"]
[EventType "swiss"]
[EventRounds "9"]
[EventCountry "SCO"]
[SourceTitle "EXT 2023"]
[Source "ChessBase"]
[SourceDate "2022.10.05"]
[SourceVersion "1"]
[SourceVersionDate "2022.10.05"]
[SourceQuality "1"]

1. Nf3 Nf6 2. g3 g6 3. b3 Bg7 4. Bb2 0-0 5. Bg2 c6 6. 0-0 d5 7. c4 Na6 8. cxd5 cxd5 9. d3 Bd7 10. Nbd2 Rc8 11. Rc1 Qa5 12. a3 Rxc1 13. Qxc1 Rc8 14. Qb1 b5 15. b4 Nxb4 16. Bxf6 Nxd3 17. Bxg7 Kxg7 18. Qxd3 Rc6 19. Qxd5 Be6 20. Qd4+ 1-0

[Event "Grangemouth Premier"]
[Site "Grangemouth"]
[Date "2009.09.06"]
[Round "4"]
[White "Walker, Duncan"]
[Black "Ingram, Liam"]
[Result "1/2-1/2"]
[WhiteElo "2002"]
[BlackElo "1787"]
[PlyCount "48"]
[EventDate "2009.09.04"]
[EventType "swiss"]
[EventRounds "5"]
[EventCountry "SCO"]
[SourceTitle "EXT 2023"]
[Source "ChessBase"]
[SourceDate "2022.10.05"]
[SourceVersion "1"]
[SourceVersionDate "2022.10.05"]
[SourceQuality "1"]

1. c4 Nf6 2. Nc3 g6 3. g3 Bg7 4. Bg2 0-0 5. b4 c6 6. e4 d6 7. Nge2 e5 8. 0-0 Na6 9. Rb1 Nc7 10. d4 Nd7 11. c5 dxc5 12. dxc5 Nf6 13. Bb2 Be6 14. Qc2 Qe7 15. a4 Rfd8 16. Rfd1 Bc4 17. Rxd8+ Rxd8 18. Rd1 Na6 19. Ba3 Nc7 20. Nb1 Rxd1+ 21. Qxd1 Qd7 22. Qxd7 Nxd7 23. Nec3 Bh6 24. Bh3 Ne6 1/2-1/2

[Event "Grangemouth Premier"]
[Site "Grangemouth"]
[Date "2009.09.05"]
[Round "3"]
[White "Haslinger, Gareth"]
[Black "Walker, Duncan"]
[Result "1/2-1/2"]
[WhiteElo "2305"]
[BlackElo "2002"]
[PlyCount "60"]
[EventDate "2009.09.04"]
[EventType "swiss"]
[EventRounds "5"]
[EventCountry "SCO"]
[SourceTitle "EXT 2023"]
[Source "ChessBase"]
[SourceDate "2022.10.05"]
[SourceVersion "1"]
[SourceVersionDate "2022.10.05"]
[SourceQuality "1"]

1. d4 Nf6 2. Bf4 b6 3. e3 e6 4. Nf3 Bb7 5. Bd3 Nd5 6. Bg5 Be7 7. Bxe7 Qxe7 8. c3 c5 9. 0-0 Nc6 10. Nbd2 cxd4 11. cxd4 Ndb4 12. Be2 0-0 13. a3 Nd5 14. Rc1 f5 15. Nc4 Rac8 16. b4 a6 17. Ne1 b5 18. Nb2 Rf6 19. Nbd3 Rh6 20. Nf3 Rf8 21. Nf4 Nxf4 22. exf4 Nd8 23. g3 Bd5 24. Rc7 Nc6 25. Ne5 Nxe5 26. dxe5 Qd8 27. Rc3 g5 28. Bf3 Be4 29. Re1 a5 30. Bg2 Rf7 1/2-1/2

[Event "Grangemouth Premier"]
[Site "Grangemouth"]
[Date "2009.09.05"]
[Round "2"]
[White "Walker, Duncan"]
[Black "Farrell, Neil"]
[Result "1/2-1/2"]
[WhiteElo "2002"]
[BlackElo "2196"]
[PlyCount "106"]
[EventDate "2009.09.04"]
[EventType "swiss"]
[EventRounds "5"]
[EventCountry "SCO"]
[SourceTitle "EXT 2023"]
[Source "ChessBase"]
[SourceDate "2022.10.05"]
[SourceVersion "1"]
[SourceVersionDate "2022.10.05"]
[SourceQuality "1"]

1. c4 c5 2. Nc3 Nf6 3. Nf3 e6 4. d4 cxd4 5. Nxd4 Bb4 6. a3 Bxc3+ 7. bxc3 d5 8. cxd5 Qxd5 9. f3 0-0 10. e4 Qa5 11. Bd2 Rd8 12. Qb3 e5 13. Nc2 Nc6 14. Nb4 Qb6 15. Rb1 Be6 16. Nd5 Nxd5 17. exd5 Bxd5 18. Qxb6 axb6 19. Bc1 Na5 20. Rxb6 Rac8 21. Bb2 Bc4 22. Bxc4 Nxc4 23. Rxb7 Nxb2 24. Rxb2 Rxc3 25. 0-0 Rxa3 26. Re1 f6 27. Rb7 Rad3 28. Kf2 h5 29. Re4 R8d4 30. Rxd4 Rxd4 31. Ke3 Ra4 32. Rb2 h4 33. Kf2 Kf7 34. g3 h3 35. g4 Kg6 36. Kg3 Ra3 37. Re2 Kg5 38. Re4 Rd3 39. Re2 Kg6 40. Re4 Kf7 41. Ra4 Ke6 42. Ra6+ Kd5 43. Ra5+ Kd4 44. Ra4+ Ke3 45. Re4+ Kd2 46. Ra4 Ke2 47. Ra2+ Ke3 48. Ra4 g6 49. Re4+ Kd2 50. g5 fxg5 51. Rxe5 Re3 52. Ra5 Ke2 53. Ra2+ Kf1 1/2-1/2

[Event "SCO-ch"]
[Site "Edinburgh"]
[Date "2009.07.18"]
[Round "8"]
[White "Walker, Duncan"]
[Black "White, Michael JR"]
[Result "0-1"]
[WhiteElo "1993"]
[BlackElo "2259"]
[PlyCount "58"]
[EventDate "2009.07.11"]
[EventType "swiss"]
[EventRounds "9"]
[EventCountry "SCO"]
[SourceTitle "CBM 131 Extra"]
[Source "ChessBase"]
[SourceDate "2009.09.03"]
[SourceVersion "2"]
[SourceVersionDate "2009.09.16"]
[SourceQuality "1"]

1. Nf3 Nf6 2. c4 g6 3. g3 Bg7 4. Nc3 0-0 5. Bg2 d6 6. d4 Nbd7 7. 0-0 e5 8. dxe5 dxe5 9. Qc2 c6 10. b3 Qe7 11. e4 a5 12. Bb2 h6 13. Rfd1 Nh7 14. a4 Nc5 15. Ba3 Bg4 16. Rd2 b6 17. h3 Bxf3 18. Bxf3 Ng5 19. Bg2 Qf6 20. Bxc5 bxc5 21. Rad1 Rfd8 22. Rd7 Ne6 23. R1d6 Rxd7 24. Rxd7 Nd4 25. Qd1 Qe6 26. Rb7 Qc8 27. Rb5 cxb5 28. axb5 Qd8 29. Na4 Ne6 0-1

[Event "Grangemouth op"]
[Site "Grangemouth"]
[Date "2008.09.06"]
[Round "3"]
[White "Walker, Duncan"]
[Black "Farrell, Neil"]
[Result "1/2-1/2"]
[WhiteElo "1953"]
[BlackElo "2257"]
[PlyCount "110"]
[EventDate "2008.09.05"]
[EventType "swiss"]
[EventRounds "5"]
[EventCountry "SCO"]
[SourceTitle "EXT 2011"]
[Source "ChessBase"]
[SourceDate "2010.11.26"]
[SourceVersion "1"]
[SourceVersionDate "2010.11.26"]
[SourceQuality "1"]

1. Nf3 Nf6 2. c4 c5 3. Nc3 e6 4. g3 b6 5. Bg2 Bb7 6. 0-0 Be7 7. b3 0-0 8. Bb2 a6 9. Qc2 Qc7 10. Rad1 d6 11. d3 Nbd7 12. Ne4 Nxe4 13. dxe4 Bf6 14. Bc1 Rfd8 15. Be3 b5 16. Rd2 Be7 17. Rfd1 Nf6 18. Ne1 Ng4 19. Bf4 e5 20. Bf3 Nxf2 21. Kxf2 exf4 22. gxf4 d5 23. e5 d4 24. Bxb7 Qxb7 25. Nf3 bxc4 26. bxc4 Rab8 27. Rg1 Qc6 28. Rg4 Rb4 29. f5 Bf8 30. Qd3 Re8 31. Rd1 Rb2 32. Rdg1 g6 33. h4 Bh6 34. Ng5 Bxg5 35. Rxg5 Rxe5 36. fxg6 Rexe2+ 37. Qxe2 Rxe2+ 38. Kxe2 Qe4+ 39. Kd1 hxg6 40. h5 Qb1+ 41. Ke2 Qxa2+ 42. Kd3 Qb3+ 43. Ke4 Qxc4 44. hxg6 d3+ 45. Ke3 fxg6 46. Rxg6+ Kf7 47. R6g4 Qb3 48. Rg7+ Ke6 49. R1g6+ Kd5 50. Rd7+ Ke5 51. Rxd3 Qc4 52. Rg5+ Kf6 53. Rgd5 Qc1+ 54. Ke2 Qc2+ 55. Ke3 Qc1+ 1/2-1/2

[Event "SCO-ch 115th"]
[Site "Glasgow"]
[Date "2008.06.11"]
[Round "7"]
[White "Walker, Duncan"]
[Black "Nickl, Klaus"]
[Result "1-0"]
[WhiteElo "1968"]
[BlackElo "2149"]
[PlyCount "77"]
[EventDate "2008.06.05"]
[EventType "swiss"]
[EventRounds "9"]
[EventCountry "SCO"]
[SourceTitle "EXT 2009"]
[Source "ChessBase"]
[SourceDate "2008.11.26"]
[SourceVersion "1"]
[SourceVersionDate "2008.11.26"]
[SourceQuality "1"]

1. Nf3 Nf6 2. c4 g6 3. b4 Bg7 4. Bb2 0-0 5. g3 c6 6. Bg2 a5 7. a3 axb4 8. axb4 Rxa1 9. Bxa1 Qb6 10. Qb3 Ne4 11. Bxg7 Qxf2+ 12. Kd1 Kxg7 13. Bh3 Qb6 14. c5 Qc7 15. Rf1 d5 16. Bxc8 Qxc8 17. d3 Qh3 18. Ke1 Nf6 19. Qc3 Nbd7 20. Nbd2 Kg8 21. e4 Qh6 22. Rf2 Qg7 23. e5 Ne8 24. d4 Nc7 25. Nb3 f6 26. Na5 Rb8 27. Qe3 Na6 28. exf6 exf6 29. b5 cxb5 30. Re2 Nc7 31. Qf4 Ne8 32. Nxb7 Rc8 33. Nd6 Nxd6 34. Qxd6 Qf7 35. Re7 Re8 36. Rxe8+ Qxe8+ 37. Kf2 Qf7 38. c6 Nb6 39. Qd8+ 1-0

[Event "SCO-ch 115th"]
[Site "Glasgow"]
[Date "2008.06.07"]
[Round "3"]
[White "Bonner, Gerald"]
[Black "Walker, Duncan"]
[Result "0-1"]
[WhiteElo "2225"]
[BlackElo "1968"]
[PlyCount "110"]
[EventDate "2008.06.05"]
[EventType "swiss"]
[EventRounds "9"]
[EventCountry "SCO"]
[SourceTitle "EXT 2009"]
[Source "ChessBase"]
[SourceDate "2008.11.26"]
[SourceVersion "1"]
[SourceVersionDate "2008.11.26"]
[SourceQuality "1"]

1. d4 Nf6 2. Nf3 g6 3. Nc3 d5 4. Bf4 Bg7 5. e3 Bg4 6. Qd3 a6 7. Ne5 Bf5 8. Qd2 c6 9. f3 h5 10. Bd3 Bxd3 11. cxd3 Nfd7 12. Na4 Nxe5 13. dxe5 d4 14. e6 fxe6 15. Nc5 Qd5 16. Rc1 b6 17. Bxb8 Rxb8 18. Nxa6 dxe3 19. Qb4 Rc8 20. 0-0 e2 21. Rfe1 Qxd3 22. Qc4 Qe3+ 23. Kh1 Bxb2 24. Rc2 b5 25. Qb4 Ba3 26. Qa5 Bd6 27. Qc3 Qxc3 28. Rxc3 c5 29. Rxe2 Kf7 30. Rec2 c4 31. a3 Rhd8 32. g3 Be5 33. Re3 Rd1+ 34. Kg2 Bd4 35. Re4 Rg1+ 36. Kh3 e5 37. f4 Rd1 38. fxe5 Ke6 39. Nb4 g5 40. Rce2 Bc3 41. Nc2 Rd2 42. Rxd2 Bxd2 43. Re2 Rd8 44. Kg2 Rd3 45. Kf2 g4 46. Kg2 Ba5 47. h3 Rd2 48. Rxd2 Bxd2 49. hxg4 hxg4 50. Kf2 Kxe5 51. Ke2 Bc1 52. Kd1 Bb2 53. Ne3 Bxa3 54. Nxg4+ Ke4 55. Kc2 Bd6 0-1

[Event "East of Scotland-ch"]
[Site "Scotland"]
[Date "2007.05.05"]
[Round "3"]
[White "Walker, Duncan"]
[Black "Fowler, David W"]
[Result "0-1"]
[WhiteElo "1852"]
[BlackElo "1816"]
[PlyCount "66"]
[EventDate "2007.05.04"]
[EventType "swiss"]
[EventRounds "5"]
[EventCountry "SCO"]
[SourceTitle "EXT 2023"]
[Source "ChessBase"]
[SourceDate "2022.10.05"]
[SourceVersion "1"]
[SourceVersionDate "2022.10.05"]
[SourceQuality "1"]

1. c4 e6 2. Nc3 d5 3. d4 c6 4. Nf3 Nf6 5. e3 Nbd7 6. b3 Bd6 7. Bd3 0-0 8. 0-0 b6 9. Bb2 Bb7 10. cxd5 exd5 11. Nd2 c5 12. Nb5 Bb8 13. dxc5 bxc5 14. Rc1 a6 15. Nc3 Qc7 16. f4 Re8 17. Re1 Ba7 18. Nf3 d4 19. exd4 Qxf4 20. Qd2 Qxd2 21. Nxd2 cxd4 22. Ne2 Re3 23. Bf5 d3 24. Bd4 Rxe2 25. Bxa7 Rxg2+ 26. Kf1 Rxd2 27. Be3 Rxh2 28. Bxd7 Rh1+ 29. Kf2 Rxe1 30. Kxe1 Nxd7 31. Rc7 Bc8 32. Kd2 Ne5 33. Bf4 f6 0-1